Sinéad O´Connor So Different/Taká odlišná

Autor opisuje speváčkino búrlivé detstvo, prvé hudobné skúsenosti a jej búrlivú premenu

Bibliographic Details
Main Author: Hayes, Dermott (Author)
Other Authors: Novák, Michal, 1977- (Narrator)
Format: CD Audio
Language:Slovak
English
PhysicalDescription:1 elektronický optický disk (CD-ROM) digitál., mono., MP3 12 cm
Published: Levoča SKN 2012
ISBN:9788018010884 (CDROM)
Subjects:

MARC

LEADER 00000cim a2200000 a 4500
001 vtls010436144
003 SK-MaSNL
005 20260302012450.0
007 sd fmngnnmmned
008 120716s2012 xo nnnnfs b n slo
015 |a SNBJ2013 
020 |a 9788018010884 (CDROM) 
040 |a SNK  |b slo  |c SNK  |e AACR2 
041 1 |a slo  |h eng 
044 |a xo  |c SK 
072 7 |a 78  |x Hudba  |2 konspekt 
072 7 |a 82-9  |x Literárna kritika, vecná literatúra a rôzne ďalšie žánre  |2 konspekt 
080 |a 78.071.2  |2 2001 
080 |a 784.66  |2 2001 
080 |a (092)  |2 2001 
080 |a (086.76)  |2 2001 
100 1 |a Hayes, Dermott  |4 aut  |9 654417 
245 1 0 |a Sinéad O´Connor  |h elektronický zdroj  |b So Different/Taká odlišná  |c autor: Hayes, Dermott ; číta: Michal Novák 
260 |a Levoča  |b SKN  |c 2012 
300 |a 1 elektronický optický disk (CD-ROM)  |b digitál., mono., MP3  |c 12 cm 
306 |a 070000 
520 8 |a Autor opisuje speváčkino búrlivé detstvo, prvé hudobné skúsenosti a jej búrlivú premenu 
521 |a Pre nevidiacich a slabozrakých 
600 1 7 |a O'Connor, Sinéad,  |d 1966-2023  |2 SNKMA  |9 246057 
650 0 7 |a speváčky  |2 SNKPH  |9 29824 
655 7 |a zvukové záznamy  |2 SNKPH  |9 70720 
655 7 |a CD-ROM  |2 SNKPH  |9 70236 
655 7 |a biografie  |2 SNKPH  |9 27965 
700 1 |a Novák, Michal,  |d 1977-  |4 nrt  |9 155017 
710 2 |a Slovenská knižnica pre nevidiacich Mateja Hrebendu v Levoči  |4 pbl  |9 249391 
919 |a 978-80-18-01088-4 
958 |a SX 
958 |a UP 
958 |a LX 
999 |c 1009639  |d 1011569 
952 |a SNK  |b SNK  |y PREZ  |7 0  |p 17A1034273  |o snkSCDM 4969  |i snk2012/16686  |8 0  |0 0  |1 0  |4 0  |d 2012-09-03  |l 0  |r 2026-02-24 12:48:22  |w 2026-02-24